| 000 | 00923nam a22002897a 4500 | ||
|---|---|---|---|
| 001 | 7358 | ||
| 003 | FISKH | ||
| 005 | 20250710143638.0 | ||
| 008 | 250710b cb ||||| |||| 00| 0 eng d | ||
| 020 | _a9780545078887 | ||
| 040 |
_aFISKH _beng _cFISKH _dFISKH |
||
| 050 | _aGV1507.P47 W5114 | ||
| 082 | _a 793.73 | ||
| 100 | _aWick, Walter | ||
| 245 |
_aCan you see what I see? : _b100 fun finds / _cWalter Wick |
||
| 250 | _aFirst printing, January 2009. | ||
| 260 |
_aNew York : _bScholastic, _c2006 |
||
| 300 |
_a32 unnumbered pages : _bcolor illustrations ; _c23 cm |
||
| 490 |
_aRead and seek : _vLevel 1 reader |
||
| 505 | _aC | ||
| 520 | _aOffers picture puzzles which invite young readers to pick out objects from various backgrounds. | ||
| 521 | 8 |
_a140
_bLexile |
|
| 521 | 8 |
_aC
_bRaz-Plus |
|
| 650 |
_aI Spy Book _vHidden pictures _xJuvenile Educational |
||
| 942 |
_2ddc _cBK _n0 |
||
| 999 |
_c7358 _d7358 |
||